| 000 -LEADER |
| fixed length control field |
00301nam a22001217a 4500 |
| 008 - FIXED-LENGTH DATA ELEMENTS--GENERAL INFORMATION |
| fixed length control field |
250220b ||||| |||| 00| 0 eng d |
| 020 ## - INTERNATIONAL STANDARD BOOK NUMBER |
| International Standard Book Number |
9781405393492 |
| 082 ## - DEWEY DECIMAL CLASSIFICATION NUMBER |
| Edition number |
621 SMI |
| 100 ## - MAIN ENTRY--PERSONAL NAME |
| Personal name |
SMITH,PENNY |
| Relator term |
AUTHOR |
| 245 ## - TITLE STATEMENT |
| Title |
HUMAN BODY ENCYCLOPEDIA |
| 260 ## - PUBLICATION, DISTRIBUTION, ETC. |
| Place of publication, distribution, etc. |
GREAT BRITAIN |
| Name of publisher, distributor, etc. |
DK PUBLISHING |
| 942 ## - ADDED ENTRY ELEMENTS (KOHA) |
| Source of classification or shelving scheme |
|